Lettering and alphabets
Guardat en:
| Autor principal: | |
|---|---|
| Format: | Llibre |
| Idioma: | anglès |
| Publicat: |
Nueva York
Dover
1946
|
| Matèries: | |
| Etiquetes: |
Afegir etiqueta
Sense etiquetes, Sigues el primer a etiquetar aquest registre!
|
MARC
| LEADER | 00000nam a2200000 a 4500 | ||
|---|---|---|---|
| 001 | UCV8779 | ||
| 003 | CL-VaPUC | ||
| 008 | 911205e19460000US |||||||||||||||||eng|d | ||
| 082 | 0 | 4 | |a 686.224 |b CAV |2 21 |
| 100 | 0 | |a Cavanagh, Albert |e author |9 302793 | |
| 245 | 1 | 0 | |a Lettering and alphabets |
| 300 | |a 121 p | ||
| 942 | |c BK | ||
| 945 | |d 19911205 00:00:00 | ||
| 260 | |a Nueva York |b Dover |c 1946 | ||
| 650 | 0 | |a Alfabetos |9 265604 | |
| 650 | 0 | |a Obras ilustradas |9 265022 | |
| 650 | 7 | |a LETRAS ORNAMENTALES |2 CL-VaPUC |9 302794 | |
| 583 | |a last modification |c 19911205 00:00:00 |k Rodrigo Vera | ||
| 999 | |c 214236 |d 214234 | ||
| 952 | |0 0 |1 0 |4 0 |6 686_224000000000000_CAV_1946 |7 0 |8 A |9 197417 |a BIBARQ |b BIBARQ |d 2019-11-14 |i 2650797 |o 686.224 CAV 1946 |p 2650797 |r 2025-01-20 |w 2019-11-14 |y BK |k ARQ | ||